000 00352nam a2200145 i 4500
001 bg
100 1 _aDEMBOWSKI, Jacek
245 0 _aŚwiatowa gospodarka surowcami mineralnymi /
_cJacek Dembowski.
260 _aWarszawa,
_c1978.
040 _cBPK
041 _apol
080 _a339.97:553
942 _cKS
008 s pl f |000 0 pol
999 _c9550
_d9550
856 _uhttp://koha.tu.koszalin.pl/cgi-bin/koha/opac-detail.pl?biblionumber=9550
_yKatalog online BPK